| 000 | 00532nam a2200181Ia 4500 | ||
|---|---|---|---|
| 008 | 151202s9999||||xx |||||||||||||| ||und|| | ||
| 082 | _bPNVM-84287 | ||
| 100 | _aअसलेकर प्रशांत. | ||
| 245 | _aव्याध. | ||
| 260 | _bअभिजित प्रकाशन. | ||
| 260 | _c2015 | ||
| 300 | _a295 | ||
| 600 | _aअसलेकर प्रशांत. | ||
| 630 | _aव्याध. | ||
| 700 | _aअसलेकर प्रशांत. | ||
| 730 | _aव्याध. | ||
| 942 | _cBOOK | ||
| 999 |
_c1349139 _d1349136 |
||